[Event "Edinburgh Premier 2019"]
[Site "?"]
[Date "2019.04.07"]
[Round "5"]
[White "Neave, George"]
[Black "Chadha, Sambhav"]
[Result "1-0"]
[WhiteElo "2102"]
[BlackElo "1594"]
[PlyCount "51"]

1. e4 c5 2. Nf3 d6 3. d4 cxd4 4. Nxd4 Nf6 5. Nc3 g6 6. Be3 Bg7 7. f3 O-O 8. Qd2
Nc6 9. O-O-O d5 10. exd5 Nxd5 11. Nxc6 bxc6 12. Bd4 e5 13. Bc5 Be6 14. Ne4 Re8
15. h4 Nb6 16. Qe1 Qc7 17. h5 Na4 18. hxg6 hxg6 19. Ba3 Nxb2 20. Qh4 f6 21.
Qh7+ Kf7 22. Nd6+ Qxd6 23. Rxd6 Rh8 24. Qxh8 Rxh8 25. Rxh8 Bxh8 26. Bxb2 1-0

[Event "Edinburgh Premier 2019"]
[Site "?"]
[Date "2019.04.07"]
[Round "5"]
[White "Orr, Mark"]
[Black "Newton, Andrew"]
[Result "1/2-1/2"]
[WhiteElo "2082"]
[BlackElo "1952"]
[PlyCount "35"]

1. e4 c6 2. d4 d5 3. e5 c5 4. dxc5 e6 5. a3 Bxc5 6. b4 Be7 7. Nf3 Nd7 8. Bb2 h5
9. Bd3 Nh6 10. Nbd2 Nb6 11. O-O g6 12. c4 dxc4 13. Nxc4 Nxc4 14. Bxc4 Qxd1 15.
Rfxd1 O-O 16. Rac1 a5 17. Bc3 axb4 18. Bxb4 1/2-1/2

[Event "Edinburgh Premier 2019"]
[Site "?"]
[Date "2019.04.07"]
[Round "5"]
[White "Schmidt, Kai-Uwe"]
[Black "Ridge , Michael"]
[Result "1/2-1/2"]
[WhiteElo "2070"]
[BlackElo "1848"]
[PlyCount "97"]

1. d4 Nf6 2. c4 g6 3. Nc3 Bg7 4. e4 d6 5. Be2 O-O 6. Bf4 c5 7. dxc5 Qa5 8. Bd2
Qxc5 9. Nf3 Nc6 10. Be3 Qa5 11. O-O Bg4 12. Nd2 Bxe2 13. Qxe2 Rfc8 14. a3 Qh5
15. f3 Nd7 16. Rac1 Be5 17. g3 Nc5 18. Rfe1 a5 19. f4 Qxe2 20. Rxe2 Bd4 21. Rb1
a4 22. Nb5 Bxe3+ 23. Rxe3 f6 24. Rc1 Ra6 25. h4 Rb6 26. Nf3 Nb3 27. Rd1 Nca5
28. Nc3 Nxc4 29. Nxa4 Nxe3 30. Nxb6 Nxd1 31. Nxc8 Kf7 32. e5 dxe5 33. fxe5 Nxb2
34. exf6 Kxf6 35. Nb6 h6 36. Kf2 g5 37. hxg5+ hxg5 38. Ke3 Kf5 39. Nd5 Nc4+ 40.
Kd3 Nxa3 41. Nxe7+ Kg4 42. Nxg5 Kxg5 43. Kc3 Na5 44. Kb4 N3c4 45. Ng8 Kg4 46.
Nf6+ Kxg3 47. Ne4+ Kf4 48. Nc5 b6 49. Nd7 1/2-1/2

[Event "Edinburgh Premier 2019"]
[Site "?"]
[Date "2019.04.07"]
[Round "5"]
[White "Hogg, Stephen W"]
[Black "Bhopal, Raj"]
[Result "1/2-1/2"]
[WhiteElo "1960"]
[BlackElo "1986"]
[PlyCount "37"]

1. d4 Nf6 2. c4 e6 3. Nc3 Bb4 4. e3 O-O 5. Bd3 d5 6. cxd5 exd5 7. a3 Bd6 8. Nf3
c6 9. O-O Re8 10. b4 Bg4 11. b5 Ne4 12. Bb2 Qf6 13. Be2 Qh6 14. Nxe4 dxe4 15.
Ne5 Bxe2 16. Qxe2 Bxe5 17. dxe5 Nd7 18. bxc6 Qxc6 19. Rac1 1/2-1/2

[Event "Edinburgh Premier 2019"]
[Site "?"]
[Date "2019.04.07"]
[Round "5"]
[White "Adrian, Leopold"]
[Black "Gregory, Sam"]
[Result "1-0"]
[WhiteElo "2027"]
[BlackElo "1851"]
[PlyCount "73"]

1. c4 Nf6 2. Nc3 e5 3. g3 d5 4. cxd5 Nxd5 5. Bg2 Nb6 6. Nf3 Nc6 7. O-O Be7 8.
a4 a5 9. d4 exd4 10. Nb5 O-O 11. Nfxd4 Nxd4 12. Qxd4 c6 13. Be3 Nd7 14. Nd6
Bxd6 15. Qxd6 Nf6 16. Rfd1 Qxd6 17. Rxd6 Be6 18. Bc5 Rfe8 19. e4 Bc4 20. f3
Rad8 21. b4 axb4 22. Bxb4 Rxd6 23. Bxd6 Ra8 24. Bc7 Kf8 25. a5 Rc8 26. Bd6+ Ke8
27. Bh3 Rd8 28. e5 Nd5 29. f4 Ra8 30. Rb1 Bb5 31. Bg2 Ne3 32. Bc7 Nxg2 33. Kxg2
Kd7 34. Bb6 Rc8 35. Kf3 Bc4 36. Bc5 Ke6 37. Rxb7 1-0

[Event "Edinburgh Premier 2019"]
[Site "?"]
[Date "2019.04.07"]
[Round "5"]
[White "Gray, Euan"]
[Black "Ridge , Benjamin "]
[Result "1-0"]
[WhiteElo "1825"]
[BlackElo "1544"]
[PlyCount "89"]

1. d4 e6 2. c4 f5 3. Nf3 Nf6 4. g3 Bb4+ 5. Bd2 Bxd2+ 6. Nbxd2 d6 7. Bg2 O-O 8.
O-O Nc6 9. Re1 e5 10. dxe5 dxe5 11. e4 fxe4 12. Nxe4 Qxd1 13. Raxd1 Bg4 14. h3
Bxh3 15. Bxh3 Nxe4 16. Bg2 Nd6 17. Nxe5 Nxe5 18. Rxe5 Rae8 19. Rxe8 Rxe8 20. c5
Ne4 21. Re1 Nf6 22. Rxe8+ Nxe8 23. Bxb7 Kf7 24. f4 Ke6 25. Kf2 Nf6 26. Ke3 h6
27. Bf3 Kf5 28. b4 g5 29. fxg5 hxg5 30. a4 g4 31. Bb7 Ke5 32. Kd3 Nh5 33. Bc8
Nxg3 34. Bxg4 Ne4 35. Kc4 Nf6 36. Bf3 Nd7 37. b5 Nb8 38. a5 Nd7 39. a6 Nb8 40.
b6 cxb6 41. cxb6 axb6 42. a7 Na6 43. a8=Q b5+ 44. Kc3 b4+ 45. Kb2 1-0

[Event "Edinburgh Premier 2019"]
[Site "?"]
[Date "2019.04.07"]
[Round "5"]
[White "Begg, David"]
[Black "McQuillan, Stephen G"]
[Result "0-1"]
[WhiteElo "1824"]
[BlackElo "1910"]
[PlyCount "108"]

1. d4 e6 2. Nf3 f5 3. d5 Be7 4. dxe6 dxe6 5. Qxd8+ Bxd8 6. Bf4 Ne7 7. e3 Nd7 8.
Bc4 Nb6 9. Bb3 Ng6 10. Nbd2 Nd5 11. Be5 Nxe5 12. Nxe5 Bf6 13. Ndf3 a5 14. O-O-O
c6 15. a3 a4 16. Ba2 Ke7 17. g4 Bxe5 18. Nxe5 Kf6 19. f4 Nxe3 20. g5+ Ke7 21.
Rde1 Nd5 22. Bxd5 cxd5 23. Rd1 Bd7 24. Rd4 Rhc8 25. Rb4 Rc7 26. h4 Be8 27. c3
b5 28. Kd2 Rc4 29. Nd3 Rd8 30. Ne5 Rxb4 31. axb4 d4 32. Kc2 dxc3 33. bxc3 Rd6
34. h5 Bc6 35. Rh2 a3 36. c4 Be4+ 37. Kb3 bxc4+ 38. Nxc4 Bd5 39. b5 Rd8 40. Kb4
Bxc4 41. Kxc4 Ra8 42. Ra2 Kd6 43. Kb4 e5 44. fxe5+ Kxe5 45. g6 hxg6 46. hxg6 f4
47. b6 Kd5 48. b7 Rb8 49. Rxa3 Rxb7+ 50. Kc3 Rb6 51. Ra5+ Ke6 52. Rg5 Rd6 53.
Rg1 Kf5 54. Kc2 Rxg6 0-1

[Event "Edinburgh Premier 2019"]
[Site "?"]
[Date "2019.04.07"]
[Round "5"]
[White "Antunes, Andre"]
[Black "Le Feuvre, Gwenole"]
[Result "1/2-1/2"]
[WhiteElo "1832"]
[BlackElo "1612"]
[PlyCount "54"]

1. d4 Nf6 2. c4 g6 3. Nc3 Bg7 4. e4 d6 5. Be2 O-O 6. Be3 e5 7. d5 Nbd7 8. g4
Nc5 9. f3 a5 10. h4 c6 11. h5 cxd5 12. cxd5 a4 13. Qd2 Qa5 14. h6 Bh8 15. Nh3
Bd7 16. Nf2 b5 17. Bxc5 dxc5 18. Nd3 b4 19. Nd1 Ne8 20. Rc1 Rc8 21. Ne3 Nd6 22.
Nf5 Nxf5 23. gxf5 Qb6 24. Qe3 Bf6 25. fxg6 fxg6 26. Kd2 Qd8 27. Rcg1 Qe7
1/2-1/2

[Event "Edinburgh Premier 2019"]
[Site "?"]
[Date "2019.04.07"]
[Round "5"]
[White "Gopakumar, Siddharth"]
[Black "O'Neil, Jim"]
[Result "1/2-1/2"]
[WhiteElo "1834"]
[BlackElo "1766"]
[PlyCount "65"]

1. e4 c5 2. c3 Nf6 3. e5 Nd5 4. d4 cxd4 5. Nf3 e6 6. cxd4 Nc6 7. Bc4 Nb6 8. Bb3
d6 9. exd6 Bxd6 10. O-O O-O 11. Nc3 Be7 12. d5 exd5 13. Nxd5 Nxd5 14. Qxd5 Qxd5
15. Bxd5 Bf6 16. Bxc6 bxc6 17. Bg5 Bxb2 18. Rab1 Bf6 19. Bxf6 gxf6 20. Rfc1 Bf5
21. Rb7 Rfb8 22. Rxb8+ Rxb8 23. Nd4 Be4 24. f3 Bd5 25. Nxc6 Bxc6 26. Rxc6 Rb1+
27. Kf2 Rb2+ 28. Kg3 Rxa2 29. Rxf6 Kg7 30. Rc6 a5 31. Ra6 a4 32. h4 a3 33. Kf4
1/2-1/2

[Event "Edinburgh Premier 2019"]
[Site "?"]
[Date "2019.04.07"]
[Round "5"]
[White "Smith, Callum"]
[Black "Thomson, Neil"]
[Result "0-1"]
[WhiteElo "1826"]
[BlackElo "2021"]
[PlyCount "42"]

1. e4 g6 2. d4 Bg7 3. Nf3 d6 4. Nc3 Nf6 5. h3 O-O 6. Bc4 Nc6 7. O-O Nxe4 8.
Bxf7+ Rxf7 9. Nxe4 h6 10. Re1 d5 11. Ng3 Qd6 12. c3 Bd7 13. Be3 Rc8 14. Nd2 e5
15. dxe5 Nxe5 16. Nb3 b6 17. Rf1 c5 18. Qc2 Qc6 19. Nd2 d4 20. cxd4 cxd4 21.
Qxc6 Nxc6 0-1

[Event "Edinburgh Premier 2019"]
[Site "?"]
[Date "2019.04.07"]
[Round "5"]
[White "Roy, Ali"]
[Black "Jelfs, Alan"]
[Result "1-0"]
[WhiteElo "1926"]
[BlackElo "1856"]
[PlyCount "77"]

1. Nf3 f5 2. g3 Nf6 3. Bg2 d6 4. d4 g6 5. O-O Bg7 6. c4 O-O 7. Nc3 Qe8 8. b3
Na6 9. Bb2 c5 10. d5 Nc7 11. Qc2 b5 12. Nd2 b4 13. Nd1 Bb7 14. f3 a5 15. e4 a4
16. a3 bxa3 17. Rxa3 Na6 18. Rxa4 e5 19. Nf2 Nb4 20. Rxa8 Qxa8 21. Qc3 Na2 22.
Qe3 Nb4 23. Ra1 f4 24. gxf4 exf4 25. Qe2 Qb8 26. Nb1 Bc8 27. Na3 Bd7 28. e5 Re8
29. e6 Bc8 30. Qd2 Nbxd5 31. cxd5 Qxb3 32. Bxf6 Bxf6 33. Qa2 Qxa2 34. Rxa2 Bb7
35. Rd2 Ra8 36. Nb5 Ra5 37. Nxd6 Bd4 38. Nxb7 Ra1+ 39. Bf1 1-0

[Event "Edinburgh Premier 2019"]
[Site "?"]
[Date "2019.04.07"]
[Round "5"]
[White "Chapman, Nigel"]
[Black "Walker , Duncan"]
[Result "1/2-1/2"]
[WhiteElo "1741"]
[BlackElo "1797"]
[PlyCount "44"]

1. e4 c6 2. Nf3 d6 3. d4 Nd7 4. Bd3 h6 5. Qe2 e5 6. c3 Ngf6 7. h3 Be7 8. O-O
Qc7 9. a4 Nf8 10. Re1 Ng6 11. Be3 O-O 12. Nbd2 Bd7 13. Nf1 Qc8 14. Qd2 Nh5 15.
Ng3 Nhf4 16. Nf5 Nxd3 17. Qxd3 Bxf5 18. exf5 Nh4 19. Nxh4 Bxh4 20. dxe5 dxe5
21. Qe4 Bf6 22. a5 Rd8 1/2-1/2

[Event "Edinburgh Premier 2019"]
[Site "?"]
[Date "2019.04.07"]
[Round "5"]
[White "Wynarczyk, Raymond"]
[Black "Baumanis, Kristaps"]
[Result "1/2-1/2"]
[WhiteElo "1875"]
[BlackElo "1845"]
[PlyCount "96"]

1. e4 e5 2. Nf3 Nc6 3. c3 Nf6 4. d4 Nxe4 5. d5 Bc5 6. dxc6 Bxf2+ 7. Ke2 bxc6 8.
Qa4 f5 9. Nbd2 O-O 10. Nxe4 fxe4 11. Qxe4 d5 12. Qxe5 Re8 13. Qxe8+ Qxe8+ 14.
Kxf2 Qg6 15. Be2 Qc2 16. Nd4 Qg6 17. Bf3 Bg4 18. Re1 Rf8 19. h3 Bd7 20. Bd2 Qd3
21. Re7 c5 22. Nb3 Qc4 23. Re3 d4 24. cxd4 cxd4 25. Re4 c5 26. Rc1 Qd3 27. Bf4
Rxf4 28. Rxf4 Qe3+ 29. Kg3 d3 30. Rxc5 h5 31. Re4 h4+ 32. Kh2 Qf2 33. Rd5 Bxh3
34. Rxd3 Bf5 35. Rd8+ Kh7 36. Re2 Qg3+ 37. Kh1 g5 38. Be4 Bxe4 39. Rxe4 h3 40.
Re2 hxg2+ 41. Rxg2 Qe1+ 42. Rg1 Qe4+ 43. Kh2 g4 44. Rd4 Qe5+ 45. Rg3 Qe2+ 46.
Rg2 Qe5+ 47. Rg3 Qe2+ 48. Kg1 Qe1+ 1/2-1/2